00926cam a22002775a 4500001000800000005001700008008004100025020001500066020001800081040003300099082002000132100002100152245006300173250001200236260004400248300003600292504005300328541003100381650002800412650002900440653002300469700002100492942000800513999001700521952011000538210825120171224114249.0961121s1997 enka frb 001 0 eng d a0750620870 a9780750620871 aDLCcDLCdDLCdEG-ScBUEbeng04a363.34222bTUR1 aTurner, Barry A.10aMan-made disasters /cBarry A. Turner and Nick F. Pidgeon. a2nd ed. aOxford :bButterworth-Heinemann,c1997. axviii, 250 p. :bill. ;c24 cm. aIncludes bibliographical references and indexes. aDonation from David Kirby. 7aDisaster relief.2BUEsh 7aDisasters.2BUEsh911941 bGGENcDecember20171 aPidgeon, Nick F. 2ddc c25776d25748 00102ddc4070aMAINbMAINc1STd2017-12-24eDonationl0o363.34 TURp000046982r2025-07-15 00:00:00yBB